000 01254cam a2200349 a 4500
999 _c1267
_d1267
001 000028256877
003 CaOOAMICUS
005 20210625050457.0
008 030515s2004 onca 001 0 eng
016 _a20039028992
020 _a0070915164 (bound) :
035 _a(Sirsi) 9397253
040 _aCaOONL
_beng
_cCaOONL
_dCAOONL
050 _aHF5657.4
_b.M38 2003
055 0 1 _aHF5657.4
055 0 _aHF5657.4
_b.M38 2003
082 0 _a658.15/11
_221
090 _a658.1511 MAN
245 0 0 _aManagerial accounting /
_cRay H. Garrison ... [and others].
250 _aSixth Canadian edition
260 _aToronto :
_bMcGraw Hill Ryerson,
_c[2003], c2004.
300 _axxxiv, 766, 23 pages :
_bcolor illustrations ;
_c29 cm.
336 _atext
_btxt
_2rdacontent
337 _aunmediated
_bn
_2rdamedia
338 _avolume
_bnc
_2rdacarrier
500 _aIncludes index.
650 0 _aManagerial accounting
_vTextbooks.
700 1 _aGarrison, Ray H.
906 _aAB:1:0
_aAG:1:0
_aBB:1:0
_aBRW:0:1
_aBUR:1:0
_aBY:0:1
_aCH:0:2
_aCL:2:0
_aDM:1:1
_aDR:1:0
_aEA:0:1
_aFP:8:0
_aFV:1:1
_aGHP:1:0
_aLS:1:0
_aND:1:0
_aPL:1:0
_aPV:0:1
_aRD:0:1
_aRI:3:0
_aRS:1:0
_aST:1:0
_aTH:0:1
_aTRL:1:0
_aWS:4:0
_aSJ:7:0
942 _2lcc
_cBK
_nMM
948 _a09/09/2003
_b18/07/2005